| 000 | 00593nam a2200277Ia 4500 | ||
|---|---|---|---|
| 008 | 181205s9999 xx 000 0 und d | ||
| 020 | _a81-297-0174-X | ||
| 041 | _aENGLISH | ||
| 082 | _a681.3.423.12 JOH | ||
| 100 | _aJohnsonbaugh (Richard); Kalin (Martin) | ||
| 100 | _eAUTHOR | ||
| 245 | 0 | _aApplications Programming in ANSI C | |
| 250 | _a3 | ||
| 260 | _c2003 | ||
| 300 | _bPaper | ||
| 300 | _ePaper Pack | ||
| 300 | _gNO | ||
| 365 | _b0 | ||
| 365 | _b325 | ||
| 365 | _d1 | ||
| 504 | _a22.5 | ||
| 520 | _aANSI C | ||
| 650 | _aANSI C | ||
| 942 | _cBK | ||
| 999 |
_c39251 _d39251 |
||